Sports Quiz

Random Sports or NBA Quiz
Score 0/20 Timer 05:00
0 Plays Today
Weight Player % Correct
320-329 lbs.Shaquille O'Neal
97.2%
190-199 lbs.Michael Jordan
94%
220-229 lbs.Kareem Abdul-Jabbar
89.7%
200-209 lbs.Kobe Bryant
89.3%
250-259 lbs.Karl Malone
87.8%
210-219 lbs.Moses Malone
87.6%
270-279 lbs.Wilt Chamberlain
84.5%
170-179 lbs.Jerry West
62.8%
160-169 lbs.Allen Iverson
62%
130-139 lbs.Spud Webb
56.6%
Weight Player % Correct
240-249 lbs.Patrick Ewing
49.9%
180-189 lbs.Reggie Miller
43.5%
230-239 lbs.Elvin Hayes
42.7%
310-319 lbs.Yao Ming
41.3%
150-159 lbs.Tiny Archibald
29.4%
290-299 lbs.Eddy Curry
20%
280-289 lbs.Andrew Bynum
15.3%
300-309 lbs.Gheorghe Muresan
9.5%
260-269 lbs.Danny Fortson
0.7%
140-149 lbs.Angelo Musi
0.7%
Remove Ads.
Support Sporcle.
Get the best of Sporcle when you Go Orange. This ad-free experience offers more features, more stats, and more fun while also helping to support Sporcle. Thank you for becoming a member.

You're not logged in!

Compare scores with friends on all Sporcle quizzes.
OR
Log In

Show Comments

Extras

Top Quizzes Today


Score Distribution

Your Account Isn't Verified!

In order to create a playlist on Sporcle, you need to verify the email address you used during registration. Go to your Sporcle Settings to finish the process.

Report this User

Report this user for behavior that violates our Community Guidelines.

Details: